Songs I Listened to Today by Lyrics - Statistics

General Stats
  • This quiz has been taken 32 times
  • The average score is 4 of 14
Answer Stats
Band Lyric Song % Correct
Green Day Can you hear the sound of hysteria American Idiot
81%
My Chemical Romance When I was a young boy my father took me into the city Welcome to the Black Parade
70%
Imagine Dragons First things first imma say all the words inside my head Believer
63%
Panic! at the Disco Haven't you people ever heard of closing a goddamn door I Write Sins Not Tragedies
52%
System of a Down I don't think I trust in your self righteous suicide Chop Suey!
44%
Disturbed Suddenly it changes, violently it changes Down with the Sickness
33%
The Offspring No one even knew it was really only you You're Gonna Go Far, Kid
33%
Eminem Fill 'em with the venom and eliminate 'em Godzilla
22%
Linkin Park Watching you turn your back like you always do Faint
15%
Stone Sour No one ever tells you that forever feels like home Through Glass
15%
Linkin Park If I could change I would, take back the pain I would Easier to Run
7%
Disturbed I'm the hand of God, I'm the dark messiah The Vengeful One
7%
My Chemical Romance Nice to say, I never think they liked you anyway Dead!
4%
Theory of a Deadman When all I want's to feel numb, but the medication's all gone Rx (Medicate)
0%
No matching quizzes found
Score Distribution
Percent of People with Each Score
Percentile by Number Answered
Your Score History
You have not taken this quiz